| Tag |
First Indicator |
Second Indicator |
Subfields |
| LEADER |
00000cam a2200000 4500 |
| 001 |
in00000618721 |
| 005 |
20151015050512.0 |
| 008 |
721025s1937 ncua 00010 eng |
| 010 |
|
|
|a 37018831
|
| 035 |
|
|
|a (OCoLC)00477038
|
| 035 |
|
|
|9 ACT0045AM
|
| 040 |
|
|
|c WSU
|d TXA
|d UtOrBLW
|
| 049 |
|
|
|a TXAM
|c [78159]
|
| 050 |
0 |
0 |
|a F215
|b .O282
|
| 100 |
1 |
|
|a Brooks, Lee M.
|q (Lee Marshall)
|
| 245 |
1 |
0 |
|a Manual for southern regions to accompany Southern regions of the United States by Howard W. Odum /
|c by Lee M. Brooks; in collaboration with Wayland J. Hayes, Harry E. Moore, [and] Jennings J. Rhyne.
|
| 264 |
|
1 |
|a Chapel Hill :
|b University of North Carolina Press,
|c 1937.
|
| 300 |
|
|
|a xiv, 194 pages :
|b illustrations ;
|c 26 cm.
|
| 336 |
|
|
|a text
|b txt
|2 rdacontent
|
| 337 |
|
|
|a unmediated
|b n
|2 rdamedia
|
| 338 |
|
|
|a volume
|b nc
|2 rdacarrier
|
| 500 |
|
|
|a "Committee on the preparation of a Manual for southern regions: L. M. Brooks, chairman ... H. C. Brearley ... Katharine Jocher [and others] ... under the authorization of the Institute on southern regional development and the social sciences held at Chapel Hill, North Carolina, June 17-27, 1936."
|
| 504 |
|
|
|a "Book list for further reading": page 192.
|
| 651 |
|
0 |
|a Southern States
|x Social conditions.
|
| 651 |
|
0 |
|a Southern States
|x Civilization.
|
| 700 |
1 |
|
|a Odum, Howard Washington,
|d 1884-1954.
|t Southern regions of the United States.
|
| 700 |
1 |
|
|a Hayes, Wayland Jackson,
|d 1893-
|
| 700 |
1 |
|
|a Moore, Harry E.
|q (Harry Estill)
|
| 700 |
1 |
|
|a Rhyne, Jennings Jefferson,
|d 1897-
|
| 740 |
0 |
|
|a Southern regions, Manual for.
|
| 740 |
0 |
|
|a Southern regions of the United States.
|
| 999 |
|
|
|a MARS
|
| 999 |
f |
f |
|s d12f432d-e7f0-3305-b58b-049b2c8fee2b
|i 4c2aaa0d-5c79-3bbe-bf59-41c05edc16e6
|t 0
|
| 952 |
f |
f |
|p normal
|a Texas A&M University
|b College Station
|c Sterling C. Evans Library
|s Evans pres repr
|d Evans: Preservation Repair (see AskUs desk for assistance)
|t 0
|e F215 .O282
|h Library of Congress classification
|i unmediated -- volume
|m A14802279123
|
| 998 |
f |
f |
|a F215 .O282
|t 0
|l Evans: Library Stacks
|